| 000 | 01476nam a22003017a 4500 | ||
|---|---|---|---|
| 001 | 7867 | ||
| 003 | FISKH | ||
| 005 | 20250812115033.0 | ||
| 008 | 250812b cb ||||| |||| 00| 0 eng d | ||
| 020 | _a9781407133249 | ||
| 040 |
_aFISKH _beng _cFISKH _dFISKH |
||
| 050 | _aPZ7 | ||
| 082 | _a823.92 | ||
| 100 | _aMongredien, Sue | ||
| 245 |
_aThe abandoned kitten / _cBy Sue Mongredien ; Illustrated by Jon Davis |
||
| 250 | _aThis edition first published in 2013 | ||
| 260 |
_aLondon : _bScholastic, _c2013 |
||
| 300 |
_a132 pages : _billustrations ; _c20 cm |
||
| 505 | _aR | ||
| 520 | _aEight-year-old Lily is always surrounded by animals. Her mum works at an RSPCA centre as an Animal Care Assistant. Lily thinks it's the best job ever. Sometimes Mum has to care for animals at home, and on one rainy evening, Mum arrives with three tiny kittens. The poor things have been abandoned, and Lily and Mum must stay up through the night to look after them. But there's another member of Lily's family that wants to help - Poppy their crossbreed dog gently mothers the kittens in their basket. Poppy was brought to the RSPCA as a tiny puppy and was handreared herself. Together, Mum, Lily and Poppy will be able to nurse the kittens back to health. | ||
| 521 | 8 |
_a700
_bLexile |
|
| 521 | 8 |
_aR
_bRaz-Plus |
|
| 650 |
_2Chapter book _aDanish |
||
| 650 |
_2Children's book _aRainbow |
||
| 700 |
_aDavis, Jon _dillustrator |
||
| 942 |
_2ddc _cBK _n0 |
||
| 999 |
_c7867 _d7867 |
||